[Event "2nd Golders Green U1900 Apr 2014"]
[Site "Golders Green"]
[Date "2014.04.20"]
[Round "4"]
[White "Mitchell, Robert"]
[Black "Jina, Taran"]
[Result "1-0"]
[WhiteElo "1640"]
[BlackElo "1724"]
[EventType "swiss"]
[EventRounds "6"]

1. d4 Nf6 2. Nf3 e6 3. g3 b6 4. Bg2 Bb7 5. O-O Be7 6. c4 O-O 7. b3 d5 8. Ne5
Nbd7 9. cxd5 Bxd5 10. Nc3 Bxg2 11. Kxg2 Nxe5 12. dxe5 Nd5 13. Bb2 Nxc3 14.
Bxc3 Qxd1 15. Rfxd1 Rfd8 16. Rd3 Rxd3 17. exd3 Rd8 18. Rd1 c5 19. Kf3 f6 20.
exf6 Bxf6 21. Bxf6 gxf6 22. Ke3 Rd4 23. f4 Kf7 24. Rc1 e5 25. fxe5 fxe5 26.
Rc4 Ke6 27. Rxd4 exd4+ 28. Ke4 Kf6 29. Kf4 Ke6 30. Ke4 Kf6 31. h3 h6 32. Kf4
Ke6 33. g4 b5 34. Ke4 Kd6 35. h4 Ke6 36. g5 h5 37. Kf4 Kd6 38. Ke4 Ke6 39. a3
a5 40. g6 Kf6 41. Kd5 c4 42. bxc4 b4 43. axb4 a4 44. Kxd4 Kxg6 45. b5 Kf5 46.
b6 Kg4 47. b7 Kxh4 48. b8=Q Kh3 49. Qe8 h4 50. Qxa4 Kg2 51. Qc2+ Kh1 52. Ke3
h3 53. Kf3 Kg1 54. Kg3 h2 55. Qg2# 1-0

[Event "2nd Golders Green U1900 Apr 2014"]
[Site "Golders Green"]
[Date "2014.04.20"]
[Round "4"]
[White "Rogal, Christopher"]
[Black "Karia, Kamlesh"]
[Result "1/2-1/2"]
[WhiteElo "1704"]
[BlackElo "1563"]
[EventType "swiss"]
[EventRounds "6"]

1. d4 d5 2. Bg5 Bf5 3. e3 h6 4. Bh4 g5 5. Bg3 Bg7 6. Bd3 Bxd3 7. Qxd3 c6 8.
Nd2 Nd7 9. Ngf3 e6 10. h3 Ne7 11. O-O Nf5 12. Bh2 h5 13. e4 Nh6 14. exd5 cxd5
15. Rae1 g4 16. Rxe6+ Kf8 17. Bd6+ Kg8 18. Be7 Qc7 19. Bd6 Qd8 20. Be7 Qc7 21.
Bd6 Qd8 {#d} 1/2-1/2

[Event "2nd Golders Green U1900 Apr 2014"]
[Site "Golders Green"]
[Date "2014.04.20"]
[Round "4"]
[White "Smith, Gary P"]
[Black "Bynnersley, Tony"]
[Result "1/2-1/2"]
[WhiteElo "1690"]
[BlackElo "1549"]
[EventType "swiss"]
[EventRounds "6"]

1. e4 c5 2. c3 d5 3. exd5 Qxd5 4. d4 e6 5. Nf3 a6 6. Na3 cxd4 7. Nc4 Qd8 8.
Qxd4 Qxd4 9. Nxd4 Bc5 10. Nb3 Nd7 11. Bf4 Be7 12. Rd1 Ngf6 13. Bd6 b5 14. Nca5
Bxd6 15. Rxd6 O-O 16. Be2 Rb8 17. O-O Rb6 18. Rfd1 Nd5 19. Rxb6 N7xb6 20. c4
bxc4 21. Nxc4 Nxc4 22. Bxc4 Nb6 23. Be2 Bb7 24. Rd6 Na4 25. Na5 Bd5 26. b4 Nc3
27. Bxa6 Nxa2 28. b5 Nb4 29. Bb7 Bxb7 30. Nxb7 g6 31. Rd8 Rxd8 32. Nxd8 Nd5
33. f3 Kf8 34. Nc6 Ke8 35. Kf2 f6 {#d} 1/2-1/2

[Event "2nd Golders Green U1900 Apr 2014"]
[Site "Golders Green"]
[Date "2014.04.20"]
[Round "4"]
[White "Balouka Myers, Gabriel"]
[Black "Karel, Ayse"]
[Result "1-0"]
[WhiteElo "1572"]
[BlackElo "1600"]
[EventType "swiss"]
[EventRounds "6"]

1. d4 e6 2. e4 f5 3. exf5 exf5 4. Bd3 d6 5. Nf3 Nf6 6. O-O Be7 7. Re1 O-O 8.
c3 d5 9. Nbd2 Ne4 10. Nf1 Bf6 11. Ng3 Qe8 12. Bf4 Qg6 13. Bxc7 b6 14. Be5 Nd7
15. Bxf6 Qxf6 16. Qb3 Bb7 17. Nxe4 fxe4 18. Bxe4 Qd6 19. Bd3 Nf6 20. Ne5 g6
21. Qc2 Ne4 22. f3 Ng5 23. Qf2 Rf4 24. Qg3 Qf6 25. Nd7 Nxf3+ 26. gxf3 Qh4 27.
Qxh4 Rxh4 28. Re7 Rf4 29. Kg2 Rd8 30. Nf6+ Rxf6 31. Rxb7 Rdf8 32. Rf1 a5 33.
Bb5 g5 34. h3 h5 35. Bd7 Kh8 36. Rc7 b5 37. Rc8 b4 38. Rxf8+ Rxf8 39. Be6 bxc3
40. bxc3 Rb8 41. Bxd5 Kg7 42. Kf2 Rb2+ 43. Ke3 Rh2 44. Be6 Kf6 45. Rf2 Rxf2
46. Kxf2 Kxe6 47. Ke3 Kd5 48. Kd3 a4 49. c4+ Ke6 50. Ke4 Kf6 51. d5 a3 52. c5
{#r} 1-0

[Event "2nd Golders Green U1900 Apr 2014"]
[Site "Golders Green"]
[Date "2014.04.20"]
[Round "4"]
[White "Lim, Peter Yu Chin"]
[Black "Balouka Myers, Reuben"]
[Result "1-0"]
[WhiteElo "1651"]
[BlackElo "1534"]
[EventType "swiss"]
[EventRounds "6"]

1. e4 e6 2. d4 d5 3. exd5 exd5 4. Nf3 Nf6 5. Bd3 Bd6 6. O-O O-O 7. Bg5 Bg4 8.
Nbd2 Nbd7 9. c3 c6 10. Qc2 h6 11. Bh4 Bf4 12. Bf5 Bxf5 13. Qxf5 Bxd2 14. Nxd2
Re8 15. Rfe1 Qb6 16. Nb3 Qa6 17. Nc5 Nxc5 18. dxc5 Ne4 19. Re3 Nxc5 20. Rf3 f6
21. Bxf6 Qxa2 22. Rf1 Ne4 23. Bd4 Re7 24. Qg6 Nd2 25. Re3 Rae8 26. Bxg7 Nxf1
27. Bf6+ Kf8 28. Qxh6+ {#r} 1-0

[Event "2nd Golders Green U1900 Apr 2014"]
[Site "Golders Green"]
[Date "2014.04.20"]
[Round "4"]
[White "Ogah, Adah Simon"]
[Black "Ritchie, Paul"]
[Result "1-0"]
[WhiteElo "1200"]
[BlackElo "1570"]
[EventType "swiss"]
[EventRounds "6"]

1. e4 c5 2. Nf3 d6 3. d4 cxd4 4. Nxd4 Nf6 5. Nc3 Nc6 6. Nxc6 bxc6 7. e5 Ng4 8.
exd6 exd6 9. Be2 Qe7 10. O-O Ne5 11. Re1 Qc7 12. Bf4 Be7 13. Bg3 O-O 14. Ne4
Rb8 15. b3 Bf5 16. Nd2 Rfe8 17. Nc4 Nxc4 18. Bxc4 Rbd8 19. Qh5 Bg6 20. Qf3 Bf6
21. Rxe8+ Rxe8 22. Rd1 Be4 23. Qe3 Qc8 24. Qd2 d5 25. Bd3 g6 26. c4 Qf5 27.
Bf1 dxc4 28. Bxc4 Rd8 29. Qe1 Bd4 30. Rc1 c5 31. Qa5 Bxf2+ 32. Bxf2 Qg5 33.
Bf1 Bxg2 34. Bxg2 Qxc1+ 35. Bf1 Qg5+ 36. Bg3 Rd2 37. Qc3 c4 38. Qf3 cxb3 39.
axb3 Rb2 40. Kh1 a5 41. Qd3 h5 42. Qe4 Rxb3 43. Qe8+ Kh7 44. Qxf7+ Kh6 45.
Qxb3 Qf5 46. Bg2 Qc5 47. h4 Qc1+ 48. Kh2 Qd2 49. Qf3 Qd8 50. Qf4+ g5 51. hxg5+
Qxg5 52. Qd6+ Kg7 53. Be5+ Kf7 54. Bd5+ {#r} 1-0

[Event "2nd Golders Green U1900 Apr 2014"]
[Site "Golders Green"]
[Date "2014.04.20"]
[Round "4"]
[White "Jina, Asha"]
[Black "Baroukh, Leon"]
[Result "1-0"]
[WhiteElo "1528"]
[BlackElo "1644"]
[EventType "swiss"]
[EventRounds "6"]

1. e4 e5 2. Nf3 Nf6 3. Nxe5 Qe7 4. Nf3 Nxe4 5. Be2 d5 6. O-O Be6 7. d4 Nd7 8.
Bf4 c6 9. Nbd2 Ndf6 10. Ne5 Qb4 11. Nb3 Be7 12. c3 Qb6 13. Qd3 Bf5 14. Qe3 O-O
15. f3 Nd6 16. Nxc6 Qxc6 17. Qxe7 Rfe8 18. Qxd6 Qxd6 19. Bxd6 Rxe2 20. Rf2
Rae8 21. Raf1 Bd3 22. h3 R2e6 23. Rd1 Be2 24. Re1 Bxf3 25. Rxe6 Rxe6 26. Be5
Bh5 27. Nc5 Rb6 28. Bxf6 Rxf6 29. Rxf6 gxf6 30. Nxb7 Bg6 31. Nc5 Kf8 32. Kf2
Ke7 33. Kf3 Kd6 34. Kf4 Kc6 35. g3 a5 36. a3 Bc2 37. Kg4 Bg6 38. h4 Kc7 39.
Kf4 Bc2 40. Ke3 Kc6 41. Kd2 Bf5 42. b3 Kb6 43. c4 dxc4 44. bxc4 Kc6 45. Kc3
Kb6 46. Nb3 Ka6 47. d5 Kb6 48. Kd4 Bc8 49. a4 Bd7 50. c5+ Ka6 51. c6 Bf5 52.
d6 Kb6 53. d7 Kc7 54. Kc5 Bc2 55. Nxa5 Bxa4 56. Nb7 Bxc6 57. d8=Q+ Kxb7 58.
Qb6+ Kc8 59. Qxc6+ Kd8 60. Kd6 {#r} 1-0

[Event "2nd Golders Green U1900 Apr 2014"]
[Site "Golders Green"]
[Date "2014.04.20"]
[Round "4"]
[White "Willmoth, Harrison"]
[Black "Onslow, Teddy"]
[Result "0-1"]
[WhiteElo "1623"]
[BlackElo "1248"]
[EventType "swiss"]
[EventRounds "6"]

1. e4 e5 2. f4 Bc5 3. Nf3 Nc6 4. Nc3 exf4 5. Bc4 Nf6 6. d3 O-O 7. Bxf4 Re8 8.
Qd2 d5 9. Bb3 dxe4 10. Nxe4 Nxe4 11. dxe4 Rxe4+ 12. Kf1 Qxd2 13. Bxd2 Nd4 14.
Bxf7+ Kf8 15. Bb3 Nxf3 16. gxf3 Bh3# 0-1

[Event "2nd Golders Green U1900 Apr 2014"]
[Site "Golders Green"]
[Date "2014.04.20"]
[Round "4"]
[White "Hirjee, Shezan"]
[Black "Chauhan, Pranay"]
[Result "0-1"]
[WhiteElo "1540"]
[BlackElo "1503"]
[EventType "swiss"]
[EventRounds "6"]

1. e4 e6 2. d4 d5 3. Nc3 Bb4 4. e5 c5 5. a3 Bxc3+ 6. bxc3 Ne7 7. Qg4 Qc7 8.
Qxg7 Rg8 9. Qxh7 cxd4 10. cxd4 Qc3+ 11. Bd2 Qxa1+ 12. Ke2 Qxd4 13. Nf3 Qe4+
14. Qxe4 dxe4 15. Nd4 a6 16. Ke3 Nf5+ 17. Nxf5 exf5 18. g3 Nc6 19. Bc3 Be6 20.
h3 O-O-O 21. Be2 Bd5 22. f4 Rxg3+ {#R} 0-1

[Event "2nd Golders Green U1900 Apr 2014"]
[Site "Golders Green"]
[Date "2014.04.21"]
[Round "5"]
[White "McCabe, Shane"]
[Black "Sloan, Cecil"]
[Result "1-0"]
[WhiteElo "1898"]
[BlackElo "1691"]
[EventType "swiss"]
[EventRounds "6"]

1. d4 Nf6 2. Nf3 e6 3. Bg5 h6 4. Bf4 c5 5. e3 b6 6. h3 Be7 7. Bd3 Bb7 8. Nbd2
O-O 9. c3 cxd4 10. exd4 d6 11. Qc2 Nbd7 12. O-O Rc8 13. a3 Re8 14. Rfe1 Bf8
15. Ne4 Nxe4 16. Bxe4 Bxe4 17. Rxe4 Nf6 18. Re2 b5 19. Rae1 Nd5 20. Bg3 Qf6
21. Qd3 a6 22. Nd2 Nf4 23. Bxf4 Qxf4 24. Re3 d5 25. Nf3 Qc7 26. Ne5 Bd6 27.
Rf3 Bxe5 28. Rxe5 Qc4 29. Qd2 Qa2 30. Rg3 Qb1+ 31. Kh2 Qh7 32. Rh5 Kh8 33. Qf4
Rf8 34. Re5 Qc2 35. Rh5 Qe4 36. Rxh6+ gxh6 37. Qf6+ Kh7 38. Qg7# 1-0

[Event "2nd Golders Green U1900 Apr 2014"]
[Site "Golders Green"]
[Date "2014.04.21"]
[Round "5"]
[White "Finnegan, Oliver"]
[Black "Parry, Jacques"]
[Result "0-1"]
[WhiteElo "1818"]
[BlackElo "1759"]
[EventType "swiss"]
[EventRounds "6"]

1. d4 d5 2. c4 e6 3. Nf3 Nf6 4. Bg5 h6 5. Bh4 dxc4 6. Qa4+ Nc6 7. e3 Bb4+ 8.
Nc3 Bd7 9. Qc2 b5 10. Nd2 a6 11. Be2 Be7 12. Bf3 Nb4 13. Qb1 Nd3+ 14. Ke2 Rb8
15. Bxf6 Bxf6 16. Nce4 O-O 17. Nxf6+ Qxf6 18. Ne4 Qe7 19. Rd1 Bc6 20. Qc2 f5
21. Nd2 Bxf3+ 22. Nxf3 e5 23. dxe5 Nxe5 24. Nd4 Nd3 25. Kf1 Qh4 26. Nf3 Qf6
27. b3 Qb2 28. Qxb2 Nxb2 29. Rd7 Rf7 30. Rd5 Nd3 31. Rd1 Rb6 32. Rd8+ Kh7 33.
Rd4 Rd6 34. bxc4 Rxd4 35. Nxd4 bxc4 36. Nc6 Rf6 37. Na5 Rb6 38. Nxc4 Rb4 39.
Rxd3 Rxc4 40. Ra3 Rc6 41. Ke2 Rd6 42. Rc3 Rb6 43. Kf3 Rb2 44. a3 Ra2 45. h3 c5
46. Rxc5 Rxa3 47. Rxf5 a5 48. Ke4 a4 49. Kd4 g6 50. Rf4 Kg7 51. Kc4 Rb3 52. e4
Rb2 53. f3 a3 54. Kc3 Rb4 55. Kxb4 a2 56. g3 a1=Q 57. Kc4 Qf1+ 58. Kd4 Qf2+
59. Kd3 Qxg3 60. Ke3 Qe1+ 61. Kd3 Qd1+ 62. Ke3 Qc1+ {#R} 0-1

[Event "2nd Golders Green U1900 Apr 2014"]
[Site "Golders Green"]
[Date "2014.04.21"]
[Round "5"]
[White "Clegg, Chris RA"]
[Black "Rocco, Federico"]
[Result "1/2-1/2"]
[WhiteElo "1799"]
[BlackElo "1750"]
[EventType "swiss"]
[EventRounds "6"]

1. e4 Nf6 2. e5 Nd5 3. d4 d6 4. Nf3 Bg4 5. Be2 e6 6. exd6 Qxd6 7. Ne5 Bxe2 8.
Qxe2 Nd7 9. O-O Nxe5 10. dxe5 Qc6 11. c4 Nb6 12. b3 Bc5 13. Bb2 O-O 14. Nd2
Rad8 15. Nf3 Rd7 16. Rad1 Rfd8 17. Rxd7 Qxd7 18. Qe4 c6 19. Re1 Qd3 20. Qxd3
Rxd3 21. Kf1 Kf8 22. Ke2 Rd7 23. Ng5 Bb4 24. Rd1 Be7 25. Ne4 Rxd1 26. Kxd1 c5
27. Ke2 Ke8 28. Kd3 Kd7 29. Bc3 Kc6 30. f4 Nd7 31. g4 a6 32. Nd2 b5 33. Ke4
Nb6 34. g5 g6 35. h3 Bd8 36. Bb2 bxc4 37. Nxc4 Nxc4 38. bxc4 Ba5 39. Kd3 Bb4
40. a3 Be1 41. Bc3 Bf2 42. Ke4 Bg3 43. Kf3 Bh4 44. Ke4 Kb6 45. Kf3 Kc6 46. Ke4
Bf2 47. Kd3 Kb6 48. Ke4 Bg1 49. Kd3 Bf2 50. Ke4 Bg3 51. Kf3 Bh2 {#d} 1/2-1/2

[Event "2nd Golders Green U1900 Apr 2014"]
[Site "Golders Green"]
[Date "2014.04.21"]
[Round "5"]
[White "Davies, Cledwyn"]
[Black "Hewitt, Robert"]
[Result "1/2-1/2"]
[WhiteElo "1728"]
[BlackElo "1765"]
[EventType "swiss"]
[EventRounds "6"]

1. e4 d5 2. exd5 Nf6 3. Bb5+ Bd7 4. Bc4 Bg4 5. Nf3 Nxd5 6. d4 e6 7. O-O a6 8.
c3 Nc6 9. Nbd2 Be7 10. Re1 O-O 11. Ne4 b5 12. Be2 Nf6 13. Bd3 Rb8 14. a4 Qd7
15. Bg5 Nxe4 16. Bxe7 Nxf2 17. Kxf2 Bxf3 18. Qxf3 Nxe7 19. Qe4 g6 20. axb5
axb5 21. Ra5 c6 22. Rea1 Rfc8 23. Ra7 Rc7 24. Qe5 Rbc8 25. Rxc7 Rxc7 26. Ra8+
Rc8 27. Rxc8+ Nxc8 28. b3 Qd6 29. Ke2 Qxe5+ 30. dxe5 f5 31. exf6 Kf7 32. Be4
c5 33. b4 cxb4 34. cxb4 e5 35. Bd5+ Kxf6 36. h3 Nd6 37. g4 Kg5 38. Bg2 Kh4 39.
Kf3 g5 40. Bf1 e4+ 41. Kf2 h5 42. gxh5 Kxh5 43. Ke3 g4 44. hxg4+ Kxg4 45. Bxb5
Nxb5 {#d} 1/2-1/2

[Event "2nd Golders Green U1900 Apr 2014"]
[Site "Golders Green"]
[Date "2014.04.21"]
[Round "5"]
[White "Karia, Rishul"]
[Black "Healeas, Simon"]
[Result "0-1"]
[WhiteElo "1660"]
[BlackElo "1814"]
[EventType "swiss"]
[EventRounds "6"]

1. e4 e5 2. Nf3 Nf6 3. Nc3 Bb4 4. d3 Nc6 5. Be2 d5 6. exd5 Nxd5 7. Bd2 Nxc3 8.
bxc3 Be7 9. h3 O-O 10. O-O f5 11. Re1 Bf6 12. Be3 b6 13. Bd2 Be6 14. Nh2 Qd7
15. Bf3 Rad8 16. Bxc6 Qxc6 17. Nf3 e4 18. Ng5 Bc8 19. Nxe4 fxe4 20. Rxe4 Bb7
21. Rb1 Bxc3 22. Bxc3 Qxc3 23. Rb3 Qf6 {#R} 0-1

[Event "2nd Golders Green U1900 Apr 2014"]
[Site "Golders Green"]
[Date "2014.04.21"]
[Round "5"]
[White "Mitchell, Robert"]
[Black "Kazmierczak, Milosz"]
[Result "0-1"]
[WhiteElo "1640"]
[BlackElo "1790"]
[EventType "swiss"]
[EventRounds "6"]

1. d4 Nf6 2. Nf3 c6 3. e3 d5 4. Bd3 g6 5. O-O Bg7 6. Nbd2 O-O 7. b3 Nbd7 8.
Bb2 c5 9. Rb1 b6 10. Ne5 Nxe5 11. dxe5 Ng4 12. f4 Nxe3 13. Qe2 Nxf1 14. Nxf1
Qc7 15. Ng3 f5 16. exf6 Bxf6 17. Be5 Bxe5 18. fxe5 Be6 19. Re1 c4 20. bxc4
dxc4 21. Be4 Rad8 22. Bf3 Qc5+ 23. Kh1 Qa3 24. Ne4 Qxa2 25. Ng5 c3 26. Qe4 Bd5
27. Qh4 h5 28. Bxh5 Qxc2 29. Be2 Rf7 30. e6 Bxe6 31. Nxe6 Qxe2 32. h3 Rd1 33.
Rxd1 Qxd1+ 34. Kh2 Qd6+ 35. Qg3 Qxg3+ 36. Kxg3 c2 {#R} 0-1

[Event "2nd Golders Green U1900 Apr 2014"]
[Site "Golders Green"]
[Date "2014.04.21"]
[Round "5"]
[White "Carter, John"]
[Black "Balouka Myers, Gabriel"]
[Result "0-1"]
[WhiteElo "1755"]
[BlackElo "1572"]
[EventType "swiss"]
[EventRounds "6"]

1. d4 d5 2. c4 e6 3. Nc3 c5 4. cxd5 exd5 5. Nf3 Nc6 6. g3 Bf5 7. Bg2 Nf6 8.
O-O c4 9. Bg5 Be7 10. Ne5 Be6 11. f4 h6 12. Bxf6 Bxf6 13. f5 Bxe5 14. dxe5 Bc8
15. Qxd5 Qxd5 16. Nxd5 O-O 17. Nc7 Rb8 18. e6 fxe6 19. fxe6 Ne7 20. Rxf8+ Kxf8
21. Rf1+ Kg8 22. Nd5 Ng6 23. e7 Be6 24. Nc7 Bf7 25. Rxf7 Kxf7 26. e8=Q+ Rxe8
27. Nxe8 Kxe8 28. Bxb7 Kd7 29. Kf2 Kd6 30. h3 Ne5 31. Ke3 Kc5 32. Ke4 Nf7 33.
Ke3 Ne5 34. Bg2 a5 35. Kf4 Nd7 36. e3 Kd6 37. Be4 Ne5 38. Bb1 Nd3+ 39. Kf5 Ne5
40. Ke4 g5 41. Kd4 Nf3+ 42. Kc3 Kc5 43. Bh7 Ng1 44. e4 Ne2+ 45. Kd2 Nxg3 46.
e5 Kd5 47. Bg8+ Kxe5 48. Bxc4 Kf4 49. Kc3 Nf5 50. Be6 h5 51. Kc4 g4 52. hxg4
hxg4 53. Bxf5 Kxf5 54. Kd3 Kf4 55. Ke2 Kg3 56. b3 Kh2 57. Kf2 g3+ 58. Kf1 g2+
{#R} 0-1

[Event "2nd Golders Green U1900 Apr 2014"]
[Site "Golders Green"]
[Date "2014.04.21"]
[Round "5"]
[White "Lim, Peter Yu Chin"]
[Black "Joslin, Tim"]
[Result "1/2-1/2"]
[WhiteElo "1651"]
[BlackElo "1835"]
[EventType "swiss"]
[EventRounds "6"]

1. e4 d5 2. exd5 Qxd5 3. Nc3 Qd6 4. Nf3 Nf6 5. d4 c6 6. Bd3 Bg4 7. Be3 Nbd7 8.
h3 Bh5 9. Ne4 Nxe4 10. Bxe4 Nf6 11. Bd3 e6 12. c3 Be7 13. Be2 O-O 14. O-O Bd8
15. Ne5 Bxe2 16. Qxe2 Bc7 17. Bf4 Nd5 18. Bg3 Rfe8 19. c4 Nf6 20. Nxf7 Qxd4
21. Nh6+ gxh6 22. Bxc7 e5 23. Rad1 Qc5 24. Bd6 Qa5 25. b4 Qd8 26. Bxe5 Qe7 27.
Rfe1 Qf7 28. Qf3 Re6 29. Rd6 Rae8 30. Qg3+ Qg6 31. Rxe6 Rxe6 32. Qf3 Qe8 33.
Qc3 Nd7 34. f4 Nf6 35. Rd1 Nh5 36. Bc7 Qe7 37. Rd8+ Kf7 38. Qd3 Nf6 39. Be5
Rxe5 40. fxe5 Qxe5 41. Qd6 Qe1+ 42. Kh2 Ng4+ 43. hxg4 Qh4+ {#d} 1/2-1/2

[Event "2nd Golders Green U1900 Apr 2014"]
[Site "Golders Green"]
[Date "2014.04.21"]
[Round "5"]
[White "O'Caolaidhe, Cormac"]
[Black "Rogal, Christopher"]
[Result "0-1"]
[WhiteElo "1555"]
[BlackElo "1704"]
[EventType "swiss"]
[EventRounds "6"]

1. d4 g6 2. c4 d6 3. Nc3 Bg7 4. Qc2 Nf6 5. Nf3 Bg4 6. h3 Bxf3 7. exf3 d5 8.
Be3 c6 9. Qb3 Qb6 10. Qxb6 axb6 11. cxd5 Nxd5 12. Nxd5 cxd5 13. a3 Nc6 14. Bb5
O-O 15. Bxc6 bxc6 16. O-O Rfc8 17. Rac1 Ra4 18. Rfd1 b5 19. Rc2 Kf8 20. Rdc1
Ra6 21. b3 Ke8 22. a4 bxa4 23. bxa4 Rxa4 24. Rxc6 Rxc6 25. Rxc6 Kd7 26. Rc2
Bxd4 27. Rd2 e5 28. Bxd4 Rxd4 29. Rxd4 exd4 30. Kf1 Ke6 31. Ke2 g5 32. g3 Ke5
33. Kd3 h5 34. Ke2 f5 35. Kd3 f4 36. Ke2 fxg3 37. fxg3 h4 38. f4+ Kf5 39. gxh4
gxh4 40. Kf3 d3 41. Ke3 d2 {#R} 0-1

[Event "2nd Golders Green U1900 Apr 2014"]
[Site "Golders Green"]
[Date "2014.04.21"]
[Round "5"]
[White "Karia, Kamlesh"]
[Black "Smith, Gary P"]
[Result "0-1"]
[WhiteElo "1563"]
[BlackElo "1690"]
[EventType "swiss"]
[EventRounds "6"]

1. e4 e6 2. d4 d5 3. Nc3 Nf6 4. e5 Nfd7 5. Nce2 c5 6. c3 Nc6 7. Nf3 cxd4 8.
Nexd4 Ndxe5 9. Nxc6 Nxc6 10. Bf4 Qb6 11. Qc2 Be7 12. Bd3 h6 13. O-O Bd7 14.
Kh1 Rc8 15. Bg3 Nb4 16. Qd2 Nxd3 17. Qxd3 Bb5 18. Qd2 Bxf1 19. Rxf1 O-O 20.
Bf4 Qd8 21. Bxh6 Bf6 22. Be3 Re8 23. Ng5 Bxg5 24. Bxg5 f6 25. Be3 Re7 26. Qd3
Rc4 27. Qg6 Qe8 28. Qg3 b6 29. Re1 e5 30. h3 Qh5 31. f3 Qh4 32. Qxh4 Rxh4 33.
Bf2 Rc4 34. Rd1 Rd7 35. g4 Kf7 36. Kg2 b5 37. Be1 Ke6 38. Kf2 g5 39. b3 Rc8
40. Kg3 a5 41. Kf2 a4 42. b4 d4 43. cxd4 Rxd4 44. Rxd4 exd4 45. a3 Rc2+ 46.
Kg3 d3 47. f4 d2 48. Bxd2 Rxd2 49. fxg5 fxg5 {#R} 0-1

[Event "2nd Golders Green U1900 Apr 2014"]
[Site "Golders Green"]
[Date "2014.04.21"]
[Round "5"]
[White "Bynnersley, Tony"]
[Black "Pollack, Oscar"]
[Result "1/2-1/2"]
[WhiteElo "1549"]
[BlackElo "1675"]
[EventType "swiss"]
[EventRounds "6"]

1. d4 Nf6 2. c4 g6 3. Nc3 Bg7 4. e4 d6 5. Nf3 O-O 6. Be2 e5 7. O-O Nc6 8. d5
Ne7 9. Nd2 Nd7 10. b4 f5 11. f3 Nf6 12. Nb3 a6 13. c5 h5 14. Be3 f4 15. Bf2 g5
16. Rc1 Bd7 17. cxd6 cxd6 18. Na5 b5 19. a4 Qe8 20. axb5 axb5 21. Bd3 g4 22.
Qe2 gxf3 23. gxf3 Bh3 24. Kh1 Bxf1 25. Qxf1 Ng6 26. Bxb5 Qf7 27. Bc6 Rab8 28.
Nb5 Rfd8 29. Ba7 Rxb5 30. Bxb5 Qxa7 31. Nc6 Qb6 32. Nxd8 Qxd8 33. Ba6 Qb6 34.
b5 Nd7 35. Rc6 Qe3 36. Rxd6 Nh4 37. Rxd7 Nxf3 38. Bb7 Nd2 39. Rxg7+ Kxg7 40.
Qg1+ Qxg1+ 41. Kxg1 Nc4 42. Kf2 Kf7 43. Bc8 Ke7 44. h4 Nd6 45. Ba6 Nxe4+ 46.
Kf3 Nc5 47. Bc8 Kd6 48. b6 Kxd5 49. b7 Nxb7 50. Bxb7+ Ke6 51. Ke4 Kf6 52. Ba6
Ke6 53. Be2 Kf6 54. Bxh5 Kg7 55. Kxe5 Kh6 56. Bf3 Kh7 57. Kxf4 Kg7 58. Kg5 Kh8
59. Kh6 Kg8 60. Be4 Kh8 61. Kg6 Kg8 62. h5 Kh8 63. h6 Kg8 64. Bd5+ Kh8 65. h7
{#d} 1/2-1/2

[Event "2nd Golders Green U1900 Apr 2014"]
[Site "Golders Green"]
[Date "2014.04.21"]
[Round "5"]
[White "Onslow, Alfie"]
[Black "Ogah, Adah Simon"]
[Result "1-0"]
[WhiteElo "1638"]
[BlackElo "1200"]
[EventType "swiss"]
[EventRounds "6"]

1. Nf3 g6 2. g3 Nf6 3. Bg2 Bg7 4. O-O O-O 5. d3 c6 6. e4 d5 7. Nbd2 Bg4 8. h3
Be6 9. Re1 Qb6 10. Ng5 Nh5 11. Nb3 Nxg3 12. Be3 d4 13. Bd2 Nh5 14. Nxe6 fxe6
15. a4 e5 16. Ba5 Qa6 17. Bb4 b6 18. Bxe7 Rf7 19. Bh4 Nd7 20. Kh2 Qc8 21. Rf1
Ndf6 22. a5 Nd7 23. axb6 axb6 24. Rxa8 Qxa8 25. Qa1 Qxa1 26. Rxa1 Nhf6 27. Nd2
Rf8 28. Nf3 h6 29. Bg3 Re8 30. h4 Nh5 31. Bh3 Nxg3 32. fxg3 Nf6 33. Ra6 Rb8
34. Nxe5 c5 35. Nxg6 h5 36. Ne5 Ng4+ 37. Nxg4 hxg4 38. Bxg4 Be5 39. Bf5 Kh8
40. Ra7 Bg7 41. Kh3 b5 42. h5 c4 43. h6 Be5 44. g4 Bf4 45. e5 cxd3 46. Bxd3
Rd8 47. e6 Re8 48. Rf7 Bg5 49. Kg3 Rxe6 50. Rf8# 1-0

[Event "2nd Golders Green U1900 Apr 2014"]
[Site "Golders Green"]
[Date "2014.04.21"]
[Round "5"]
[White "Onslow, Teddy"]
[Black "Selvarattinam, Gengadharan"]
[Result "1/2-1/2"]
[WhiteElo "1248"]
[BlackElo "1761"]
[EventType "swiss"]
[EventRounds "6"]

1. d4 d5 2. c4 c6 3. Nc3 Nf6 4. Nf3 e6 5. e3 Nbd7 6. Bd3 Be7 7. O-O O-O 8. Re1
Re8 9. Qc2 dxc4 10. Bxc4 Bb4 11. Bd2 e5 12. Qb3 Qe7 13. Nxe5 Nxe5 14. dxe5 Nd5
15. Nxd5 cxd5 16. Bxb4 dxc4 17. Bxe7 cxb3 18. Bd6 bxa2 19. Rxa2 Be6 20. Raa1
a6 21. h3 Rac8 22. Rec1 Bd5 23. Rc7 Rxc7 24. Bxc7 Rc8 25. Rc1 f6 26. exf6 gxf6
27. Rd1 Rxc7 28. Rxd5 Rc1+ 29. Kh2 Rc2 30. Rd8+ Kg7 31. Rd7+ Kg6 32. Rxb7 Rxf2
33. Ra7 Rxb2 34. Rxa6 Re2 35. Re6 Kf5 36. Re7 h5 37. Rh7 Kg6 38. Re7 f5 39.
Kg3 Kf6 40. Re8 Kf7 41. Re5 Kf6 42. Re8 {#d} 1/2-1/2

[Event "2nd Golders Green U1900 Apr 2014"]
[Site "Golders Green"]
[Date "2014.04.21"]
[Round "5"]
[White "Chauhan, Pranay"]
[Black "Ritchie, Paul"]
[Result "1-0"]
[WhiteElo "1503"]
[BlackElo "1570"]
[EventType "swiss"]
[EventRounds "6"]

1. d4 d5 2. Nf3 c6 3. e3 Nf6 4. Bd3 Bg4 5. Nbd2 Nbd7 6. h3 Bh5 7. c4 e6 8. a3
Bd6 9. b4 O-O 10. Bb2 Qe7 11. Qc2 e5 12. dxe5 Nxe5 13. Nxe5 Bxe5 14. Bxe5 Qxe5
15. O-O Rad8 16. c5 Rfe8 17. a4 Qc7 18. Nb3 Ne4 19. Bxe4 Rxe4 20. Nd4 Bg6 21.
Qb3 Rde8 22. Rfc1 Qd7 23. b5 f5 24. bxc6 bxc6 25. Ne2 Bf7 26. Qb2 Qc7 27. Ng3
R4e5 28. Rab1 Qa5 29. Qb4 Qc7 30. Qb7 R8e7 31. Qxc7 Rxc7 32. Rb8+ Re8 33.
Rxe8+ Bxe8 34. Nxf5 Bg6 35. Nd6 Kf8 36. Rc3 Ke7 37. a5 a6 38. Rb3 h6 39. f4
Ke6 40. g4 Bc2 41. Rb2 Bd3 42. Rb6 g6 43. Kf2 Ke7 44. Kf3 Ke6 45. h4 Ke7 46.
Rb8 Bc2 47. Ke2 Be4 48. Rb6 Ra7 49. Nc8+ {#r} 1-0

[Event "2nd Golders Green U1900 Apr 2014"]
[Site "Golders Green"]
[Date "2014.04.21"]
[Round "5"]
[White "Gladstone, Joel"]
[Black "Balouka Myers, Reuben"]
[Result "1/2-1/2"]
[WhiteElo "1450"]
[BlackElo "1534"]
[EventType "swiss"]
[EventRounds "6"]

1. d4 f5 2. Nf3 g6 3. b3 Bg7 4. e3 d6 5. Bb2 Nf6 6. Nbd2 c6 7. Bd3 Qc7 8. Qe2
Nfd7 9. Rc1 O-O 10. c4 e5 11. dxe5 dxe5 12. c5 e4 13. Bc4+ Kh8 14. Bxg7+ Kxg7
15. Nd4 Nxc5 16. O-O Qe7 17. f4 Ne6 18. Bxe6 Bxe6 19. Nc4 Bxc4 20. Qxc4 Re8
21. Qc3 Kg8 22. g4 fxg4 23. f5 Nd7 24. Qc4+ Kh8 25. fxg6 hxg6 26. Rf7 Qd6 27.
Qc3 Kg8 28. Rg7+ Kh8 29. Nxc6 Qxc6 30. Qxc6 bxc6 31. Rxd7 Re6 32. Rf1 a6 33.
Rff7 Kg8 34. Rg7+ Kf8 35. Rh7 Ke8 36. Rb7 {#d} 1/2-1/2